000
00316 a2200157 4500
001
175807
020
_a
040
_c
Magnum
100
_a
Viana Filho, Luis
240
1
0
_a
Afranio peixoto
_l
por
245
1
0
_a
Afranio peixoto
362
0
_a
1899
440
1
_a
Agir
697
_a
MAGNITO: A/CRONICA
942
_c
BK
999
_c
175807
_d
175807